Legal Point odborné periodikum mladých právnikov
Rozvoj profesijných schopností a názory na špecifické právne témy mladých právnikov počas štúdia na právnickej fakulte.
Na minha lista:
| Formato: | Periódico |
|---|---|
| Idioma: | eslovaco |
| Publicado em: |
Bratislava
Európske združenie študentov práva (ELSA)
|
| Assuntos: | |
| Tags: |
Sem tags, seja o primeiro a adicionar uma tag!
|
MARC
| LEADER | 00000nas1a2200000 4500 | ||
|---|---|---|---|
| 001 | 0240923 | ||
| 005 | 20250624084116.7 | ||
| 022 | |a 1339-0104 | ||
| 041 | 0 | |a slo | |
| 044 | |a SK | ||
| 245 | 1 | 0 | |a Legal Point |b odborné periodikum mladých právnikov |
| 264 | 1 | |a Bratislava |b Európske združenie študentov práva (ELSA) | |
| 520 | |a Rozvoj profesijných schopností a názory na špecifické právne témy mladých právnikov počas štúdia na právnickej fakulte. | ||
| 610 | 2 | 0 | |a právo |
| 610 | 2 | 0 | |a štúdium vysokoškolské |
| 610 | 2 | 0 | |a výučba vedecká |
| 610 | 2 | 0 | |a odvetvia právne |
| 610 | 2 | 0 | |a predpisy právne |
| 610 | 2 | 0 | |a vzťahy právne |
| 610 | 2 | 0 | |a moc štátna |